Statistics for Annoying Orange Characters

Click here to take the quiz!

General Stats

  • This quiz has been taken 105 times
  • The average score is 7 of 24

Answer Stats

HintAnswer% Correct
Kitchen CrewOrange
95%
Pear
95%
Apple
82%
Grapefruit
81%
Passion Fruit
69%
Midget Apple
63%
Marshmellow
61%
Grandpa Lemon
50%
Knife
37%
Banana
31%
Tomato
15%
Dr.Bananas
8%
Grapes
6%
Nervel
6%
Tv ShowGinger
5%
Guava
5%
Bloody Mary
3%
Candyman
3%
Hello Neighbor
3%
Alphabet Lane
2%
Bendy
2%
#ShocktoberBlender Man
2%
Fnaf
2%
Tattletale
0%

Score Distribution

Percentile by Number Answered

Percent of People with Each Score

Your Score History

You have not taken this quiz